| 000 | 00464nam a2200145 a 4500 | ||
|---|---|---|---|
| 001 | 000038364 | ||
| 005 | 20201002031235.0 | ||
| 008 | 130409s1998 dr ac 000 0 spa d | ||
| 020 | _a9789945486254 | ||
| 040 |
_aDO-SdBNP _bspa _cBNPHU |
||
| 110 | 2 |
_aConsejo Nacional de Reforma del Estado _910038 |
|
| 245 | 1 | 0 | _aInforme de gestión 2004-2012 /. |
| 260 |
_aSanto Domingo : _bConsejo Nacional de Reforma del Estado, _c1998. |
||
| 300 |
_a83 p. : _bil., retrs. ; _c26 cm. |
||
| 999 |
_c37854 _d37854 |
||